000 00586cam a22002053a 4500
001 42065
003 PGUSA
005 20140828083941.0
008 130210s2013||||xxu|||||s|||||000 | eng d
040 _aPGUSA
_beng
042 _adc
245 1 0 _aProceso del Dr. José Rizal Mercado y Alonso
_h[electronic resource]
260 _bProject Gutenberg,
_c2013
506 _aPublic domain in the USA.
516 _aElectronic text
700 1 _aDe los Santos, Epifanio,
_d1871-1928
830 0 _aProject Gutenberg
_v42065
856 4 0 _uhttp://www.gutenberg.org/ebooks/42065
942 _cEB
999 _c271317
_d271317